<?xml version="1.0" encoding="UTF-8"?>
<marc:record xmlns:marc="http://www.loc.gov/MARC21/slim">
   <marc:leader>00000nam a2200000 a 4500</marc:leader>
   <marc:datafield ind1="1" ind2=" " tag="100">
      <marc:subfield code="a">Cattaneo Peter</marc:subfield>
      <marc:subfield code="4">aut</marc:subfield>
      <marc:subfield code="e">Verfasser/-in</marc:subfield>
   </marc:datafield>
   <marc:datafield ind1="0" ind2="0" tag="245">
      <marc:subfield code="a">Ganz oder gar nicht</marc:subfield>
   </marc:datafield>
   <marc:datafield ind1="0" ind2="0" tag="245">
      <marc:subfield code="c">Cattaneo Peter</marc:subfield>
   </marc:datafield>
   <marc:datafield ind1=" " ind2="1" tag="264">
      <marc:subfield code="b">Twentieth Century</marc:subfield>
      <marc:subfield code="c">2013</marc:subfield>
   </marc:datafield>
   <marc:datafield ind1="1" ind2=" " tag="520">
      <marc:subfield code="a">Keine Jobs, kein Geld, und eine endlose Schlange vor dem Arbeitsamt! Doch sechs arbeitslose Stahlarbeiter aus Sheffield lassen sich nicht unterkriegen. Inspiriert von einem Auftritt der Männerstripper "The Cippendales" wittert Gaz die einmalige Chance, das große, schnelle Geld zu machen. Gemeinsam mit einem handverlesenen Team an Leidensgenossen gründet er eine Stripper-Truppe und kündigt eine gewagte Show an. Es spricht sich wie ein Lauffeuer unter den Frauen Sheffields herum - diese Männer lassen die Hosen runter - und nach dem Motto "Ganz oder gar nicht" auch die allerletzte Hülle fallen. Doch kurz vor dem wahrlich bloßstellenden Job schleicht sich Panik ein...</marc:subfield>
   </marc:datafield>
   <marc:datafield ind1=" " ind2=" " tag="020">
      <marc:subfield code="a">4010232004444</marc:subfield>
      <marc:subfield code="9">4010232004444</marc:subfield>
   </marc:datafield>
   <marc:datafield ind1="0" ind2=" " tag="490">
      <marc:subfield code="v">0</marc:subfield>
   </marc:datafield>
   <marc:datafield ind1=" " ind2=" " tag="300">
      <marc:subfield code="a">88 min</marc:subfield>
   </marc:datafield>
</marc:record>
